| 000 | 00686nam a2200253Ia 4500 | ||
|---|---|---|---|
| 001 | 895 | ||
| 003 | GE_BSU | ||
| 008 | 181216s||||||||xx |||||||||||||| ||und|| | ||
| 020 | _a5893497775 | ||
| 040 | _cGE_BSU | ||
| 080 | _a821.161.1(075.8) | ||
| 100 | _aГромова,М.И. | ||
| 245 | _aРусская драматургия конца XX-начала XXI Век | ||
| 245 | _bУчебное пособие 2-е изд.испр. | ||
| 250 | _a2-е изд.испр. | ||
| 260 | _aМосква | ||
| 260 | _bФлинта | ||
| 260 | _c2006 | ||
| 300 | _a368 с. | ||
| 300 | _bИлл. | ||
| 541 | _h10л. | ||
| 653 | _aРусская драматургия | ||
| 942 | _cBK | ||
| 999 |
_c35055 _d35055 |
||